000 01454njm a2200289Ia 4500
001 24328
003 IT-RoPAU
005 20220918181113.0
008 131025s9999 xx 000 0 und d
040 _aIT-RoPAU
040 _cIT-RoPAU
999 _c99157
_d99157
999 _bn.d.
100 _aAA.VV.
_9794
100 _eAutore musica
_910229
100 _gCodice autore musica SPICS: 12000
_9796
245 _aFantasie ritmiche
250 _a1a ed.
260 _aTORINO
260 _bFONIT CETRA
_c1980 [1a Ed.:1980 - Ed. Lingua Orig.: 1980]
300 _aDISCO
500 _aMusica strumentale
505 _aSplende la Luna - Il fiume senza ritorno - Moonglow - Per l'eternità - Ain't She Sweet - A String of Pearls - O Baby Kiss Me - Pennsylvania 6-5000 - Chella'lla - Tuxedo Junction - Perché tu non Vuoi - Johnny Guitar - Vogliamoci tanto bene - Souvenir d'Italie - Quei poveri parigini - Ufemia - Lisboa antigua - Solo un po' d'amore - Lucianella - Arriva la corriera - Fascination - Fontana di Trevi - Croce di Orao - Te amo - Domani - Buongiorno Katrin - Que serà serà - Gli uomini del far west - Romantico valzer - Mi brucia il cuor - Quant'è buono il bacio con le pere - L'amore è una cosa meravigliosa
650 _aSTRUMENTALE [DISCHI]
_eCodice MATERIA SPICS: 9950
_9828
700 _aSemprini Alberto
_eInteprete
_gCodice interprete SPICS: 8195
_910230
700 _aSemprini Alberto
_gCodice autore SPICS: 8195
_eAutore
_910231
942 _cMD
_2ddc